Introduction to neurogenic communication disorders. (7th ed.) (Record no. 64218)

MARC details
000 -LEADER
fixed length control field 01241nam a2200205 a 4500
008 - FIXED-LENGTH DATA ELEMENTS--GENERAL INFORMATION
fixed length control field 150204s2007 ||||||||||||||||| || u
020 ## - INTERNATIONAL STANDARD BOOK NUMBER
International Standard Book Number 9780323045315
050 ## - LIBRARY OF CONGRESS CALL NUMBER
Classification number RC 423 Bro
100 ## - MAIN ENTRY--PERSONAL NAME
Personal name Brookshire, Robert H
245 10 - TITLE STATEMENT
Title Introduction to neurogenic communication disorders. (7th ed.)
Statement of responsibility, etc. By Robert H. Brookshire
250 ## - EDITION STATEMENT
Edition statement 7th ed.
260 ## - PUBLICATION, DISTRIBUTION, ETC.
Place of publication, distribution, etc. St. Louis Missouri
Name of publisher, distributor, etc. Mosby Elsevier
Date of publication, distribution, etc. 2007
300 ## - PHYSICAL DESCRIPTION
Extent xiii, 764p.: ill.
350 ## -
-- 105.14
650 ## - SUBJECT ADDED ENTRY--TOPICAL TERM
Topical term or geographic name entry element COMMUNICATIVE DISORDERS
995 ## -
-- MICHAEL CHILUFYA SATA OPEN ACCESS
-- 902638
-- CBU-SCHOOL OF MEDICINE LIBRARY (Ndola)
-- 105.14
-- RC 423 Bro
-- 3
-- AVAILABLE
-- Feb 17, 2015
-- 902638
-- Medical Library Open Access Collection
995 ## -
-- MEDICAL LIBRARY OPEN ACCESS
-- 902639
-- CBU-SCHOOL OF MEDICINE LIBRARY (Ndola)
-- 105.14
-- RC 423 Bro
-- 4
-- AVAILABLE
-- Feb 17, 2015
-- 902639
-- Medical Library Open Access Collection
995 ## -
-- MEDICAL LIBRARY OPEN ACCESS
-- 902637
-- CBU-SCHOOL OF MEDICINE LIBRARY (Ndola)
-- 105.14
-- RC 423 Bro
-- 2
-- AVAILABLE
-- Feb 17, 2015
-- 902637
-- Medical Library Open Access Collection
995 ## -
-- MEDICAL LIBRARY OPEN ACCESS
-- 902636
-- CBU-SCHOOL OF MEDICINE LIBRARY (Ndola)
-- 105.14
-- RC 423 Bro
-- 1
-- AVAILABLE
-- Feb 17, 2015
-- 902636
-- Medical Library Open Access Collection
999 ## -
-- 64218
-- 64218

No items available.